<Die> westeuropäische Zahlungsunion <Ein> Vorbild für Osteuropa?

Salvato in:
Dettagli Bibliografici
Autore principale: Hartig, Sandra
Natura: Libro
Lingua:tedesco
Pubblicazione: Marburg Marburger Gesellschaft für Ordnungsfragen der Wirtschaft 1996
Edizione:1. Aufl.
Serie:Arbeitsberichte Nr. 20
Soggetti:
Tags: Aggiungi Tag
Nessun Tag, puoi essere il primo ad aggiungerne!!

MARC

LEADER 00000nam a2200000 4500
001 c016090
005 20250509101157.4
020 |a 3-930834-03-0 
041 0 |a ger 
044 |a DE 
245 1 0 |a <Die> westeuropäische Zahlungsunion  |b <Ein> Vorbild für Osteuropa?  |c Sandra Hartig 
250 |a 1. Aufl. 
264 1 |a Marburg  |b Marburger Gesellschaft für Ordnungsfragen der Wirtschaft  |c 1996 
300 |a 76 s. 
490 1 |a Arbeitsberichte  |v Nr. 20 
830 0 |a Arbeitsberichte  |v Nr. 20 
610 2 0 |a liberalizácia 
610 2 0 |a mena 
610 2 0 |a zmluvy obchodné 
610 2 0 |a bilateralita 
610 2 0 |a multilateralita 
610 2 0 |a únie hospodárske 
610 2 0 |a konvertibilita 
610 2 0 |a Európa 
100 1 |a Hartig, Sandra